000 01080cad a22002415a 4500
001 E153469
008 110801s2010 xxk f 000 0 eng d
020 1 _a9781842196052
035 _a(Sirsi) u153469
041 0 _aeng
100 1 _aGordon, Peter
245 0 0 _aResidents' satisfaction with local public goods and services
_bthe effects of income and privatization in Southern California
_h[electronic resource]
260 _aLondon
_bRICS
_c2010
490 0 _aRICS Findings in Built and Rural Environments
520 _aLooks at whether there is a relationship between homeowners' satisfaction with the provision of municipal services and various forms of local governance, especially in terms of income, privatization and place.
521 _aAdvanced
590 _aKA
651 4 _aUnited States
_y1959-
690 _aENVIRONMENTAL AND LAND CONSULTANCY-PLANNING AND DEVELOPMENT
700 1 _aLi, Huanghai
856 4 0 _uhttps://www.rics.org/Global/Downloads/Residents_satisfaction_with_local_public_goods_and_services.pdf
_zBroken link - not available
942 _n0
999 _c112534
_d112534